000 00518nam a2200193Ia 4500
005 20250508160412.0
008 008 250505s9999 xx 000 0 eng d
037 _aReference
040 _aFEDL
_beng
_cFEDL
041 _aeng
_2eng
084 _a371.42, CRO
_qFEDL
100 _aCrow and Crow
_9757273
245 0 _aIntroduction to guidance
250 _a2nd
260 _aNew Delhi, India
_bEurasia Publishing House
300 _a462p.
942 _cREF
_h371.42, CRO
999 _c1364389
_d1364389